00414nam a2200145Ia 4500008004100000041000800041082001500049100002100064245005900085250001300144260003900157300000800196365001600204700004800220230714s9999 xx 000 0 und d aeng a621.7bCHO aChoudhury S.K.H. aElements Of Workshop TechnologybVol.II: Machine Tools a12th ed. c2008bMedia Promoters & Publishers a700 cRs.b200.00 aChoudhury S.K.H.; Choudhury A.K.H. & Roy N.